Loading...
| Fine Arts - Visual Fine Arts | 0 | 2 | 0 | 0 | 20 | 106 | 119.00 | 0 | 0 | 
| Literature - World/Other Literature | 0 | 2 | 1 | 0 | 15 | 64 | 83.50 | 0 | 0 | 
| Literature - American Literature | 0 | 1 | 0 | 0 | 10 | 50 | 50.00 | 1 | 1 | 
| Fine Arts - Other Fine Arts | 0 | 1 | 0 | 1 | 10 | 126 | 126.00 | 0 | 0 | 
| History - European History | 0 | 1 | 0 | 1 | 10 | 121 | 121.00 | 0 | 0 | 
| Social Science | 0 | 1 | 0 | 0 | 10 | 127 | 127.00 | 0 | 0 | 
| Literature - British Literature | 0 | 1 | 1 | 0 | 5 | 110 | 110.00 | 0 | 0 | 
| Religion | 0 | 0 | 0 | 0 | 0 | 0.00 | 0 | 0 | |
| Other Academic | 0 | 0 | 1 | 0 | -5 | 0.00 | 0 | 0 | |
| Science - Other Science | 0 | 0 | 1 | 0 | -5 | 0.00 | 0 | 0 | |
| Literature - European Literature | 0 | 0 | 1 | 0 | -5 | 0.00 | 0 | 0 |